Educar la mirada: políticas y pedagogías de la imagen
Guardat en:
| Autors principals: | , |
|---|---|
| Format: | Llibre |
| Idioma: | espanyol |
| Publicat: |
Buenos Aires
Manantial
2006
|
| Edició: | 1a. ed |
| Matèries: | |
| Etiquetes: |
Afegir etiqueta
Sense etiquetes, Sigues el primer a etiquetar aquest registre!
|
MARC
| LEADER | 00000nam a2200000 a 4500 | ||
|---|---|---|---|
| 001 | UCG4525 | ||
| 003 | CL-VaPUC | ||
| 008 | 101111e20060000AG |||||||||||||||||spa|d | ||
| 020 | |a 9789875000995 | ||
| 082 | 0 | 4 | |a 371.335 |b DUS |2 21 |
| 100 | 0 | |a Dussel, Inés |e author |9 553848 | |
| 700 | 0 | |a Gutiérrez, Daniela |e author |9 553849 | |
| 245 | 1 | 0 | |a Educar la mirada: políticas y pedagogías de la imagen |
| 250 | |a 1a. ed | ||
| 300 | |a 318 p | ||
| 942 | |c BK | ||
| 945 | |d 20101111 00:00:00 |a mfarfan | ||
| 260 | |a Buenos Aires |b Manantial |c 2006 | ||
| 650 | 0 | |a Métodos de enseñanza |9 270413 | |
| 650 | 0 | |a Educación |9 258661 | |
| 650 | 0 | |a Imágenes |9 361884 | |
| 650 | 0 | |a Innovaciones pedagógicas |9 307471 | |
| 583 | |a last modification |c 20101111 00:00:00 |k Rodrigo Vera | ||
| 999 | |c 343227 |d 343225 | ||
| 952 | |0 0 |1 0 |4 0 |6 371_335000000000000_DUS_2006 |7 0 |8 A |9 440349 |a BIBEDU |b BIBEDU |d 2019-11-22 |i 4732294 |o 371.335 DUS 2006 |p 4732294 |r 2019-11-22 |w 2019-11-22 |y BK |k EPE | ||
| 952 | |0 0 |1 0 |4 0 |6 371_335000000000000_DUS_2006 |7 0 |8 A |9 440350 |a FDOPOS |b BIBEDU |d 2019-11-22 |i 4753429 |l 1 |o 371.335 DUS 2006 |p 4753429 |r 2025-01-22 |s 2022-05-19 |w 2019-11-22 |y BK |k DLH | ||